[Event "I Magistral Vila de Canovelles 2008 MI"]
[Site "Canovelles ESP"]
[Date "2008.09.19"]
[Round "7.5"]
[White "Rios, Alejandro"]
[Black "Avila Jimenez, Javier"]
[Result "0-1"]
[WhiteElo "2340"]
[BlackElo "2286"]
[PlyCount "84"]
[EventDate "2008.09.13"]
[EventType "tourn"]
[EventRounds "9"]
[EventCountry "ESP"]
[EventCategory "4"]
[Source "lmi"]
[SourceDate "2008.09.13"]

1. e4 d5 2. exd5 Qxd5 3. Nc3 Qa5 4. d4 Nf6 5. Be2 Nc6 6. Nf3 Bg4 7. h3 Bh5 8.
Bd2 O-O-O 9. Nb5 Qb6 10. a4 Bxf3 11. Bxf3 Nxd4 12. Be3 e5 13. c3 Nxf3+ 14. Qxf3
Bc5 15. Bxc5 Qxc5 16. b4 Qc4 17. Nxa7+ Kb8 18. Nb5 Rd3 19. Qf5 Rd5 20. Qc2 Rhd8
21. Na3 Qf4 22. O-O Rd2 23. Qc1 Ne4 24. Nc4 Rxf2 25. Qxf4 Rxf4 26. Nxe5 Rxf1+
27. Kxf1 f6 28. Nf3 Nxc3 29. Ra3 Rd1+ 30. Kf2 Nd5 31. b5 Ka7 32. a5 c5 33. bxc6
bxc6 34. Ke2 Rb1 35. Nd4 c5 36. Ne6 c4 37. Nxg7 Rb2+ 38. Kd1 Rxg2 39. Nf5 c3
40. a6 c2+ 41. Kc1 Nb4 42. Kb2 Rg1 0-1

[Event "I Magistral Vila de Canovelles 2008 MI"]
[Site "Canovelles ESP"]
[Date "2008.09.20"]
[Round "8.2"]
[White "Muñoz Pantoja, Miguel"]
[Black "Rios, Alejandro"]
[Result "1/2-1/2"]
[WhiteElo "2499"]
[BlackElo "2340"]
[PlyCount "25"]
[EventDate "2008.09.13"]
[EventType "tourn"]
[EventRounds "9"]
[EventCountry "ESP"]
[EventCategory "4"]
[Source "lmi"]
[SourceDate "2008.09.13"]

1. e4 e5 2. Nf3 Nc6 3. d4 exd4 4. Nxd4 Nge7 5. Nc3 d6 6. b3 g6 7. Bb2 Bg7 8.
Nxc6 bxc6 9. Qd2 O-O 10. O-O-O Re8 11. h4 a5 12. Kb1 a4 13. h5 1/2-1/2

[Event "I Magistral Vila de Canovelles 2008 MI"]
[Site "Canovelles ESP"]
[Date "2008.09.20"]
[Round "8.3"]
[White "Almeida Toledano, Daniel"]
[Black "Garcia Jimenez, Francisco Javier"]
[Result "1/2-1/2"]
[WhiteElo "2303"]
[BlackElo "2297"]
[PlyCount "29"]
[EventDate "2008.09.13"]
[EventType "tourn"]
[EventRounds "9"]
[EventCountry "ESP"]
[EventCategory "4"]
[Source "lmi"]
[SourceDate "2008.09.13"]

1. Nf3 Nf6 2. g3 g6 3. Bg2 Bg7 4. O-O d6 5. d4 O-O 6. c4 c6 7. Nc3 Qc7 8. e4 e5
9. d5 Bg4 10. h3 Bxf3 11. Qxf3 Nbd7 12. Be3 Rfd8 13. Rac1 a5 14. Rfd1 Nc5 15.
Qe2 1/2-1/2

[Event "I Magistral Vila de Canovelles 2008 MI"]
[Site "Canovelles ESP"]
[Date "2008.09.20"]
[Round "8.4"]
[White "Llaneza Vega, Patricia"]
[Black "Panelo, Marcelo"]
[Result "0-1"]
[WhiteElo "2260"]
[BlackElo "2414"]
[PlyCount "87"]
[EventDate "2008.09.13"]
[EventType "tourn"]
[EventRounds "9"]
[EventCountry "ESP"]
[EventCategory "4"]
[Source "lmi"]
[SourceDate "2008.09.13"]

1. e4 c5 2. Nf3 d6 3. d4 cxd4 4. Nxd4 Nf6 5. Nc3 a6 6. g3 e5 7. Nb3 Nbd7 8. Bg2
b5 9. O-O Be7 10. Bd2 O-O 11. a4 b4 12. Nd5 Nxd5 13. exd5 a5 14. c3 bxc3 15.
Bxc3 Qb6 16. Ra3 f5 17. Qd2 Bd8 18. Nc1 Ba6 19. Re1 h6 20. Bf1 Nf6 21. Rb3 Qa7
22. Bxa6 Qxa6 23. Rb5 Bb6 24. Nd3 Ne4 25. Qe2 Rac8 26. Kg2 Rxc3 27. bxc3 Nxc3
28. Qb2 Nxb5 29. axb5 Qa8 30. Qb3 Rc8 31. Rc1 Rxc1 32. Nxc1 Qc8 33. Nd3 e4 34.
Nf4 Qc5 35. Qb2 Qd4 36. Qc2 Kh7 37. Ne6 Qxd5 38. Qc8 e3+ 39. Kh3 exf2 40. Nf8+
Kg8 41. Ng6+ Kf7 42. Nh8+ Ke7 43. Ng6+ Kf6 44. g4 0-1

[Event "I Magistral Vila de Canovelles 2008 MI"]
[Site "Canovelles ESP"]
[Date "2008.09.21"]
[Round "9.5"]
[White "Avila Jimenez, Javier"]
[Black "Muñoz Pantoja, Miguel"]
[Result "0-1"]
[WhiteElo "2286"]
[BlackElo "2499"]
[PlyCount "70"]
[EventDate "2008.09.13"]
[EventType "tourn"]
[EventRounds "9"]
[EventCountry "ESP"]
[EventCategory "4"]
[Source "lmi"]
[SourceDate "2008.09.13"]

1. d4 Nf6 2. c4 c5 3. d5 g6 4. Nc3 Bg7 5. e4 O-O 6. f4 d6 7. Nf3 Bg4 8. Be2 e6
9. dxe6 fxe6 10. Ng5 Bxe2 11. Qxe2 Qe7 12. O-O Nc6 13. Be3 Nd4 14. Bxd4 cxd4
15. Nb5 Nh5 16. Qg4 a6 17. Na3 e5 18. f5 Nf4 19. Ne6 Nxe6 20. fxe6 Rae8 21.
Rxf8+ Bxf8 22. Nc2 Qxe6 23. Qxe6+ Rxe6 24. Nb4 Re8 25. Nd5 Rc8 26. b3 b5 27.
Kf1 bxc4 28. Nb6 Rc5 29. bxc4 Rc6 30. Rb1 Be7 31. Nd5 Bg5 32. Rb6 Rxc4 33. Rxd6
d3 34. Nb6 Rc1+ 35. Kf2 d2 0-1